[Event "Wroclaw op-B"]
[Site "Wroclaw"]
[Date "2024.08.08"]
[Round "1"]
[White "Rick, Niklas Corvin"]
[Black "Szopka, Dariusz"]
[Result "0-1"]
[WhiteElo "1843"]
[BlackElo "2020"]
[PlyCount "60"]
[EventDate "2024.08.08"]
[EventType "swiss"]
[EventRounds "9"]
[EventCountry "POL"]
[SourceTitle "EXT 2025"]
[Source "ChessBase"]
[SourceDate "2024.10.14"]
[SourceVersion "1"]
[SourceVersionDate "2024.10.14"]
[SourceQuality "1"]

1. d4 g6 2. c4 Bg7 3. Nc3 d6 4. Bf4 Nc6 5. e3 e5 6. dxe5 dxe5 7. Qxd8+ Nxd8 8. Bg3 Nh6 9. Nf3 f6 10. Nd5 Ne6 11. 0-0-0 c6 12. Nc3 0-0 13. Bd3 Nc5 14. Bc2 a5 15. Ne4 Nxe4 16. Bxe4 Be6 17. b3 a4 18. Rd6 Bf5 19. Bxf5 Nxf5 20. Rdd1 axb3 21. axb3 b5 22. e4 Nxg3 23. hxg3 bxc4 24. bxc4 Ra2 25. Nd2 Rb8 26. Rhf1 Bf8 27. Nb1 Rab2 28. Nc3 Ba3 29. Rde1 Ra2+ 30. Kd1 Rd8+ 0-1

[Event "Reinstorf Blitz op"]
[Site "Reinstorf"]
[Date "2022.02.04"]
[Round "8"]
[White "Rick, Niklas Corvin"]
[Black "Hipler, Andreas"]
[Result "1-0"]
[WhiteElo "1490"]
[BlackElo "1803"]
[PlyCount "81"]
[EventDate "2022.01.29"]
[EventType "swiss (blitz)"]
[EventRounds "9"]
[EventCountry "GER"]
[SourceTitle "CBM 206 Extra"]
[Source "ChessBase"]
[SourceDate "2022.03.31"]
[SourceVersion "1"]
[SourceVersionDate "2022.03.31"]
[SourceQuality "1"]

1. d4 Nf6 2. c4 e6 3. Nc3 Bb4 4. Bd2 b6 5. Nf3 Bb7 6. e3 0-0 7. Bd3 d6 8. 0-0 Re8 9. a3 Bxc3 10. Bxc3 Nbd7 11. b4 Qe7 12. Bb2 e5 13. dxe5 dxe5 14. Bc2 e4 15. Nd4 Rad8 16. Qe2 g6 17. Rfd1 Ne5 18. Nb5 a6 19. Nc3 Nfg4 20. Nd5 Qh4 21. h3 Bxd5 22. Rxd5 Rxd5 23. cxd5 Nf6 24. Rd1 b5 25. a4 Rd8 26. axb5 Qg5 27. Bxe5 Qxe5 28. bxa6 Nxd5 29. Bb3 Rd6 30. Qc4 c6 31. b5 Qe7 32. bxc6 Nxe3 33. fxe3 Rxd1+ 34. Bxd1 Qa7 35. Kf2 Qb6 36. c7 Qb2+ 37. Be2 Qf6+ 38. Kg1 Qa1+ 39. Kh2 Qe5+ 40. Kh1 Qa1+ 41. Bf1 1-0

[Event "Reinstorf Blitz op"]
[Site "Reinstorf"]
[Date "2022.02.04"]
[Round "2"]
[White "Rick, Niklas Corvin"]
[Black "Poschadel, Andreas Gregor"]
[Result "0-1"]
[WhiteElo "1490"]
[BlackElo "2099"]
[PlyCount "90"]
[EventDate "2022.01.29"]
[EventType "swiss (blitz)"]
[EventRounds "9"]
[EventCountry "GER"]
[SourceTitle "CBM 206 Extra"]
[Source "ChessBase"]
[SourceDate "2022.03.31"]
[SourceVersion "1"]
[SourceVersionDate "2022.03.31"]
[SourceQuality "1"]

1. d4 Nf6 2. c4 e6 3. Nc3 b6 4. e4 Bb7 5. Bd3 d6 6. f3 Nbd7 7. Nge2 g6 8. Be3 Bg7 9. Qd2 h5 10. h4 Qe7 11. Nb5 Nf8 12. a4 a6 13. Nbc3 e5 14. d5 a5 15. b3 N8d7 16. Nb5 Nc5 17. Rb1 Rd8 18. g3 Ng8 19. Nbc3 Bh6 20. f4 Nf6 21. f5 Bxe3 22. Qxe3 Ng4 23. Qf3 0-0 24. Bc2 Bc8 25. 0-0 Qf6 26. Kg2 Kg7 27. Ng1 g5 28. hxg5 Qxg5 29. Nh3 Qd2+ 30. Rf2 Nxf2 31. Nxf2 Qg5 32. Rh1 Rh8 33. Bd1 Nd7 34. Rxh5 Rxh5 35. Qxh5 Qxh5 36. Bxh5 Nc5 37. Bd1 Bd7 38. Kf3 Rh8 39. Ng4 Rh1 40. Kg2 Re1 41. Kf2 Nd3+ 42. Kf3 Nb2 43. Bc2 Rc1 44. f6+ Kg6 45. Ke3 Rxc2 0-1

[Event "Niedersachsen-ch op C"]
[Site "Verden"]
[Date "2018.01.04"]
[Round "1"]
[White "Fink, Moritz"]
[Black "Rick, Niklas Corvin"]
[Result "1-0"]
[WhiteElo "1369"]
[BlackElo "1110"]
[PlyCount "111"]
[EventDate "2018.01.04"]
[EventType "swiss"]
[EventRounds "7"]
[EventCountry "GER"]
[SourceTitle "EXT 2022"]
[Source "ChessBase"]
[SourceDate "2021.10.06"]
[SourceVersion "1"]
[SourceVersionDate "2021.10.06"]
[SourceQuality "1"]

1. e4 d5 2. exd5 Nf6 3. Nf3 Nxd5 4. Bc4 Bg4 5. h3 Bh5 6. g4 Bg6 7. d3 h6 8. Ne5 e6 9. Nxg6 fxg6 10. Bd2 Bc5 11. Nc3 0-0 12. Rf1 Qh4 13. Qe2 Kh7 14. 0-0-0 Nc6 15. Nxd5 exd5 16. Bxd5 Qf6 17. Qe6 Qxe6 18. Bxe6 Rxf2 19. Rxf2 Bxf2 20. Rf1 Bc5 21. h4 Re8 22. Bb3 Re2 23. Bc3 Nd4 24. Bxd4 Bxd4 25. g5 Re8 26. c3 Be3+ 27. Kc2 hxg5 28. Re1 gxh4 29. Rh1 g5 30. d4 Kg6 31. Kd3 Bf2 32. Rf1 Bg3 33. Bf7+ Kh6 34. Bxe8 h3 35. Rh1 h2 36. Ke3 Bd6 37. c4 c6 38. c5 Bc7 39. Kf3 g6 40. b4 Kh5 41. Bd7 Kh4 42. a4 a6 43. b5 axb5 44. axb5 cxb5 45. Bxb5 g4+ 46. Kg2 g3 47. d5 g5 48. d6 Ba5 49. d7 Bd8 50. Bc4 b6 51. cxb6 Bxb6 52. Bd5 Bc7 53. Rc1 Bb6 54. Rc8 h1Q+ 55. Kxh1 g2+ 56. Bxg2 1-0